[Event "Paracin Prestige op"]
[Site "Paracin"]
[Date "2025.01.19"]
[Round "9"]
[White "Kostov, Deyan Samuil"]
[Black "Al Saleh, Mohammad"]
[Result "1-0"]
[WhiteElo "2334"]
[BlackElo "2055"]
[PlyCount "122"]
[EventDate "2025.01.11"]
[EventType "swiss"]
[EventRounds "9"]
[EventCountry "SRB"]
[SourceTitle "CB05_2025"]
[SourceDate "2025.01.29"]
[SourceVersion "1"]
[SourceVersionDate "2025.01.29"]
[SourceQuality "1"]

1. d4 g6 2. c4 Bg7 3. Nc3 c5 4. d5 d6 5. e4 Bxc3+ 6. bxc3 e5 7. Bd3 Qe7 8. h3 f5 9. exf5 gxf5 10. Qh5+ Qf7 11. Qxf7+ Kxf7 12. g4 fxg4 13. hxg4 Bxg4 14. f3 Bd7 15. f4 e4 16. Bxe4 Nf6 17. Bd3 Bg4 18. Kf2 Nbd7 19. Nf3 h6 20. Rb1 b6 21. Bd2 Rae8 22. Rbg1 Reg8 23. Nh4 h5 24. Re1 Rg7 25. Re3 Re8 26. Rxe8 Kxe8 27. Nf5 Bxf5 28. Bxf5 Kd8 29. Kf3 Kc7 30. Be1 a6 31. a4 Rg8 32. Bh4 Rf8 33. Be6 Rh8 34. Re1 Re8 35. Rg1 Ng4 36. Bxg4 hxg4+ 37. Rxg4 b5 38. axb5 axb5 39. cxb5 Nb6 40. Rg7+ Kc8 41. Be7 Nxd5 42. Bxd6 Re3+ 43. Kg4 Rxc3 44. Rg5 Ne3+ 45. Kh5 c4 46. Bc5 Nf1 47. f5 Ng3+ 48. Kh4 Ne4 49. Rg8+ Kd7 50. Rg7+ Kc8 51. Bd4 Rb3 52. b6 c3 53. Rc7+ Kb8 54. Be5 c2 55. Rxc2+ Kb7 56. Bc7 Rb4 57. Kh5 Rb1 58. Rg2 Nf6+ 59. Kg6 Nd5 60. f6 Rxb6 61. Bxb6 Nf4+ 1-0

[Event "Paracin Prestige op"]
[Site "Paracin"]
[Date "2025.01.16"]
[Round "6"]
[White "Skuhala, Barbara"]
[Black "Al Saleh, Mohammad"]
[Result "0-1"]
[WhiteElo "2135"]
[BlackElo "2055"]
[PlyCount "106"]
[EventDate "2025.01.11"]
[EventType "swiss"]
[EventRounds "9"]
[EventCountry "SRB"]
[SourceTitle "CB05_2025"]
[SourceDate "2025.01.29"]
[SourceVersion "1"]
[SourceVersionDate "2025.01.29"]
[SourceQuality "1"]

1. e4 c5 2. Nc3 g6 3. d3 Bg7 4. Be3 d6 5. Qd2 Nc6 6. g3 Nd4 7. Bg2 Qa5 8. h3 e6 9. f4 Ne7 10. Nf3 Nec6 11. 0-0 Nxf3+ 12. Bxf3 Nd4 13. Bg2 Bd7 14. Qf2 0-0 15. Nd1 Qa4 16. c3 Nb3 17. axb3 Qxa1 18. e5 Qa6 19. exd6 Qxd3 20. Bxb7 Rab8 21. Bg2 Rxb3 22. Bxc5 a5 23. Re1 Qb5 24. Bf1 Qc6 25. Bg2 Qc8 26. Bd4 Bxd4 27. Qxd4 Qb8 28. Re2 Rc8 29. Rd2 Qb6 30. Qxb6 Rxb6 31. Ne3 f5 32. Bf1 Rbb8 33. Nc4 a4 34. Ne5 Rd8 35. Bc4 Kf8 36. Ba2 Ke8 37. c4 Rdc8 38. Rc2 Rb6 39. Rd2 Rcb8 40. b3 axb3 41. Bb1 Rc8 42. g4 Ra6 43. Rb2 Rxd6 44. Rxb3 Rd2 45. gxf5 exf5 46. Bd3 Ra8 47. Rb1 Bc6 48. Re1 Be4 49. Bxe4 fxe4 50. Nf3 Rc2 51. Rxe4+ Kf8 52. Ne1 Ra1 53. Kf1 Rcc1 0-1

[Event "Paracin Prestige op"]
[Site "Paracin"]
[Date "2025.01.11"]
[Round "1"]
[White "Gevorgyan, David"]
[Black "Al Saleh, Mohammad"]
[Result "1-0"]
[WhiteElo "2254"]
[BlackElo "2055"]
[PlyCount "96"]
[EventDate "2025.01.11"]
[EventType "swiss"]
[EventRounds "9"]
[EventCountry "SRB"]
[SourceTitle "CB05_2025"]
[SourceDate "2025.01.29"]
[SourceVersion "1"]
[SourceVersionDate "2025.01.29"]
[SourceQuality "1"]

1. d4 Nf6 2. c4 c5 3. d5 b5 4. cxb5 a6 5. bxa6 g6 6. Nc3 Bg7 7. e4 0-0 8. a7 Rxa7 9. Be2 d6 10. Nf3 Ba6 11. 0-0 Qa5 12. Bd2 Bxe2 13. Qxe2 Qa6 14. Rfe1 Nbd7 15. Nb5 Rb7 16. a4 Ra8 17. Bc3 Ne8 18. Bxg7 Kxg7 19. b3 Kg8 20. Nd2 Qa5 21. Nc4 Qb4 22. Qd2 Qxd2 23. Nxd2 Ne5 24. Nc4 Nd3 25. Red1 Nb4 26. Rac1 Nf6 27. f3 Nd7 28. Rd2 Kg7 29. Kf2 Ra6 30. Rc3 Kf6 31. f4 Kg7 32. e5 Nb6 33. Nxb6 Raxb6 34. Ke2 Rd7 35. g3 Rb8 36. Rc4 Na6 37. Re4 Nb4 38. Rc4 Na6 39. Kd1 Nb4 40. exd6 exd6 41. Re4 h5 42. Kc1 Kf6 43. Kb2 Kf5 44. Ree2 Kg4 45. Kc3 Kf3 46. Kc4 Na6 47. f5 Kg4 48. fxg6 fxg6 1-0

[Event "Izmir Arena IM3"]
[Site "Izmir"]
[Date "2024.05.15"]
[Round "4"]
[White "Burcu, Cagatay"]
[Black "Al Saleh, Mohammad"]
[Result "1/2-1/2"]
[WhiteElo "2303"]
[BlackElo "2055"]
[PlyCount "133"]
[EventDate "2024.05.13"]
[EventType "tourn"]
[EventRounds "9"]
[EventCountry "TUR"]
[SourceTitle "CBM 220 Extra"]
[Source "ChessBase"]
[SourceDate "2024.07.31"]
[SourceVersion "1"]
[SourceVersionDate "2024.07.31"]
[SourceQuality "1"]

1. d4 Nf6 2. Nf3 b6 3. Bf4 Bb7 4. e3 Nh5 5. Bg5 h6 6. Bh4 g5 7. Bg3 d6 8. Bb5+ c6 9. Be2 Bg7 10. Nc3 Nxg3 11. hxg3 Nd7 12. e4 e6 13. g4 a6 14. Qd2 d5 15. a4 Qe7 16. Kf1 dxe4 17. Nxe4 c5 18. Qe3 Nf6 19. Nxf6+ Qxf6 20. Qb3 0-0 21. dxc5 b5 22. Rh3 Bd5 23. Qb4 bxa4 24. Qxa4 Qxb2 25. Rd1 Rfb8 26. Bd3 a5 27. Qd7 Rd8 28. Qc7 Qb7 29. Qxb7 Bxb7 30. Rb1 Bd5 31. c4 Bc6 32. Nd2 a4 33. Rb6 Rac8 34. Nb1 Rd4 35. Re3 Rdd8 36. Bc2 Be8 37. Ra3 Rxc5 38. Bxa4 Rxc4 39. Bxe8 Rxe8 40. f3 Rd8 41. Rab3 Rc2 42. Rb8 Rxb8 43. Rxb8+ Kh7 44. Na3 Rc3 45. Nb5 Rb3 46. Rb7 Kg6 47. Nd6 Rxb7 48. Nxb7 Bd4 49. Nd6 f5 50. gxf5+ exf5 51. g4 f4 52. Ke2 Be5 53. Ne4 h5 54. gxh5+ Kxh5 55. Nf2 Kh4 56. Ng4 Bd4 57. Nh6 Kh3 58. Ng4 Kg2 59. Nh6 Bb2 60. Ng4 Bg7 61. Nf2 Bd4 62. Ng4 Kg3 63. Nh6 Bc5 64. Ng4 Bd4 65. Nh6 Kg2 66. Ng4 Bc5 67. Nh6 1/2-1/2

[Event "Izmir Arena IM2"]
[Site "Izmir"]
[Date "2024.05.12"]
[Round "10"]
[White "Gur, Ali1"]
[Black "Al Saleh, Mohammad"]
[Result "0-1"]
[WhiteElo "1899"]
[BlackElo "2057"]
[PlyCount "78"]
[EventDate "2024.05.08"]
[EventType "tourn"]
[EventRounds "10"]
[EventCountry "TUR"]
[SourceTitle "CBM 220 Extra"]
[Source "ChessBase"]
[SourceDate "2024.07.31"]
[SourceVersion "1"]
[SourceVersionDate "2024.07.31"]
[SourceQuality "1"]

1. e4 c5 2. Nc3 a6 3. g3 b5 4. Bg2 Bb7 5. d3 e6 6. Nh3 d5 7. exd5 Nf6 8. Bg5 Be7 9. 0-0 b4 10. Bxf6 Bxf6 11. Ne4 Bxd5 12. Nxf6+ gxf6 13. Bxd5 Qxd5 14. Nf4 Qc6 15. d4 cxd4 16. Qxd4 Nd7 17. Nd3 a5 18. Rfe1 h5 19. h4 Rg8 20. Rad1 Rg4 21. Qe3 Ke7 22. Kh2 Rag8 23. Rg1 Rc4 24. b3 Rxc2 25. Rc1 Rc3 26. Rgd1 Rc8 27. Qe2 Qb5 28. a4 bxa3 29. Rxc3 Rxc3 30. Qd2 Qc6 31. Nf4 Rc2 32. Qxa5 Rxf2+ 33. Kg1 Ra2 34. Qe1 Qc2 35. Qb4+ Ke8 36. Qd4 Qh2+ 37. Kf1 Qh1+ 38. Qg1 Qf3+ 39. Ke1 Qxd1+ 0-1

[Event "Novi Sad TS GM/IM Mix 189th"]
[Site "Novi Sad"]
[Date "2024.03.01"]
[Round "3"]
[White "Al Saleh, Mohammad"]
[Black "Sredojevic, Ivan"]
[Result "1/2-1/2"]
[WhiteElo "1972"]
[BlackElo "2265"]
[PlyCount "60"]
[EventDate "2024.02.29"]
[EventType "swiss"]
[EventRounds "9"]
[EventCountry "SRB"]
[SourceTitle "CBM 219 Extra"]
[Source "ChessBase"]
[SourceDate "2024.05.31"]
[SourceVersion "1"]
[SourceVersionDate "2024.05.31"]
[SourceQuality "1"]

1. e4 d6 2. d4 Nf6 3. Nc3 Nbd7 4. Nf3 e5 5. Bc4 Be7 6. a4 0-0 7. 0-0 c6 8. Re1 Rb8 9. h3 b6 10. Bg5 a6 11. Bxf6 Bxf6 12. d5 cxd5 13. Nxd5 b5 14. axb5 axb5 15. Ba2 Be7 16. Nd2 Bg5 17. Nf1 Nc5 18. Nb4 Qd7 19. Bd5 Kh8 20. Ng3 g6 21. Nc6 Rb7 22. Ra8 Rc7 23. Nb4 f5 24. exf5 gxf5 25. c3 Qg7 26. Qe2 e4 27. Qxb5 e3 28. Nh1 f4 29. Bf3 Bh4 30. Re2 Ra7 1/2-1/2

[Event "Lvov Cup IM"]
[Site "Lvov"]
[Date "2018.08.26"]
[Round "9"]
[White "Lornye, Pylyp"]
[Black "Al Saleh, Mohammad"]
[Result "1-0"]
[WhiteElo "2290"]
[BlackElo "2012"]
[PlyCount "85"]
[EventDate "2018.08.21"]
[EventType "tourn"]
[EventRounds "9"]
[EventCountry "UKR"]
[SourceTitle "CBM 186 Extra"]
[Source "ChessBase"]
[SourceDate "2018.08.24"]
[SourceVersion "1"]
[SourceVersionDate "2018.08.24"]
[SourceQuality "1"]

1. Nf3 Nf6 2. g3 g6 3. Bg2 Bg7 4. 0-0 0-0 5. d3 d5 6. Nbd2 d4 7. a4 a5 8. Nc4 Nd5 9. Bd2 Nc6 10. Qc1 Re8 11. Re1 e5 12. e4 dxe3 13. Nxe3 Nde7 14. Nc4 Nf5 15. h4 h6 16. Bc3 f6 17. Qd2 h5 18. Bxa5 Bh6 19. Qc3 Be6 20. Bb4 Nfd4 21. Nxd4 exd4 22. Qb3 Ne5 23. f4 Nf7 24. Rxe6 Rxe6 25. Ne5 Rxe5 26. fxe5 Be3+ 27. Kh1 Qe8 28. Bd5 f5 29. Re1 Kg7 30. e6 Nh6 31. Rxe3 dxe3 32. Bc3+ Kh7 33. Qxb7 Rc8 34. Qb4 f4 35. Qxf4 Nf5 36. Kg2 Qe7 37. Qe5 Re8 38. Bc6 Rf8 39. Be4 Nh6 40. Bf3 Ng4 41. Bxg4 hxg4 42. Qxe3 Qd6 43. Qe5 1-0

[Event "Lvov Cup IM"]
[Site "Lvov"]
[Date "2018.08.22"]
[Round "3"]
[White "Medvedyk, Volodymyr"]
[Black "Al Saleh, Mohammad"]
[Result "1-0"]
[WhiteElo "2159"]
[BlackElo "2012"]
[PlyCount "123"]
[EventDate "2018.08.21"]
[EventType "tourn"]
[EventRounds "9"]
[EventCountry "UKR"]
[SourceTitle "CBM 186 Extra"]
[Source "ChessBase"]
[SourceDate "2018.08.24"]
[SourceVersion "1"]
[SourceVersionDate "2018.08.24"]
[SourceQuality "1"]

1. e4 c5 2. Nf3 Nc6 3. Bb5 g6 4. Bxc6 dxc6 5. d3 Bg7 6. h3 Nf6 7. Be3 b6 8. 0-0 0-0 9. Qd2 e5 10. Bh6 Qd6 11. Qg5 Nd7 12. Nbd2 f6 13. Qh4 Rf7 14. Nc4 Qe7 15. Nfd2 Nf8 16. Bxg7 Kxg7 17. f4 b5 18. Ne3 exf4 19. Qxf4 Ne6 20. Qh4 c4 21. dxc4 Qb4 22. Nf3 bxc4 23. Ng4 h5 24. Nfe5 hxg4 25. Nxf7 Qe7 26. Nh6 gxh3 27. Ng4 Qc5+ 28. Rf2 Qg5 29. Qxg5 Nxg5 30. Nxf6 hxg2 31. Kxg2 Be6 32. Rd1 Rf8 33. e5 Nf7 34. Re1 Nxe5 35. Rxe5 Rxf6 36. Rxf6 Kxf6 37. Ra5 c3 38. bxc3 Bf5 39. Kf3 Bxc2 40. Rxa7 Ke5 41. Ra5+ Kd6 42. Ke3 Kc7 43. Kd4 Kb6 44. Re5 Bb1 45. a3 Bc2 46. Kc4 Bb1 47. Kb4 Bc2 48. a4 Bd3 49. a5+ Ka6 50. Re6 Kb7 51. Kc5 Ka6 52. Re1 Bb5 53. Re6 Bd3 54. Re1 Bb5 55. c4 Ba4 56. Re6 Bc2 57. Kxc6 Kxa5 58. c5 g5 59. Kd6 g4 60. c6 Kb6 61. c7 Kb7 62. Kd7 1-0

[Event "Lvov Cup IM"]
[Site "Lvov"]
[Date "2018.08.21"]
[Round "1"]
[White "Al Saleh, Mohammad"]
[Black "Kyrychenko, Maryan"]
[Result "0-1"]
[WhiteElo "2012"]
[BlackElo "2198"]
[PlyCount "116"]
[EventDate "2018.08.21"]
[EventType "tourn"]
[EventRounds "9"]
[EventCountry "UKR"]
[SourceTitle "CBM 186 Extra"]
[Source "ChessBase"]
[SourceDate "2018.08.24"]
[SourceVersion "1"]
[SourceVersionDate "2018.08.24"]
[SourceQuality "1"]

1. e4 c5 2. Nf3 d6 3. d4 cxd4 4. Nxd4 Nf6 5. Nc3 a6 6. f3 e6 7. Be3 b5 8. Qd2 Nbd7 9. 0-0-0 Bb7 10. g4 Nb6 11. Qf2 Nfd7 12. a3 Rc8 13. Bxb5 axb5 14. Ndxb5 Nc4 15. Bf4 e5 16. Bg3 Be7 17. h4 0-0 18. g5 f5 19. gxf6 Nxf6 20. Qe2 Ba6 21. a4 Qa5 22. b3 Na3 23. Be1 Bxb5 24. Nxb5 Qa6 25. Rd2 Nxb5 26. Qxb5 Qxb5 27. axb5 Nd7 28. Rh3 Rc3 29. Rf2 Rc7 30. Bb4 Rb8 31. Rd2 Nc5 32. Bxc5 Rxc5 33. Kb2 Rbxb5 34. Rh1 Rb6 35. h5 Bg5 36. Rd3 Kf7 37. Ra1 Rc7 38. Ra5 g6 39. hxg6+ Kxg6 40. Ra1 h5 41. c3 h4 42. Rh1 Rh7 43. Rh3 Bf4 44. b4 Bg3 45. Kb3 Rhb7 46. Rd5 Kg5 47. Rd3 Kf4 48. Ka4 Rc7 49. Kb3 Ra7 50. Rh1 Rba6 51. b5 Ra1 52. Rxa1 Rxa1 53. Rxd6 h3 54. Rh6 h2 55. c4 h1Q 56. Rxh1 Rxh1 57. c5 Bf2 58. c6 Bb6 0-1

[Event "World Amateur-ch U2300"]
[Site "Cagliari"]
[Date "2018.04.26"]
[Round "6"]
[White "Al Maashani, Amer"]
[Black "Al Saleh, Mohammad"]
[Result "1-0"]
[WhiteElo "2016"]
[BlackElo "2033"]
[PlyCount "107"]
[EventDate "2018.04.22"]
[EventType "swiss"]
[EventRounds "9"]
[EventCountry "ITA"]
[SourceTitle "CBM 184 Extra"]
[Source "ChessBase"]
[SourceDate "2018.06.28"]
[SourceVersion "1"]
[SourceVersionDate "2018.06.28"]
[SourceQuality "1"]

1. e4 c5 2. Nf3 Nc6 3. Bb5 g6 4. 0-0 Bg7 5. Re1 Nf6 6. e5 Nd5 7. Nc3 Nc7 8. Bxc6 dxc6 9. Ne4 Ne6 10. d3 0-0 11. Be3 b6 12. Qd2 Nd4 13. Nxd4 cxd4 14. Bh6 c5 15. Qf4 Bb7 16. f3 Qd5 17. Qh4 f6 18. Bxg7 Kxg7 19. exf6+ exf6 20. Re2 Rf7 21. Rae1 Raf8 22. Qf4 Rd7 23. h4 h6 24. a4 Bc6 25. Ng3 h5 26. b3 Rff7 27. Re6 a6 28. Qb8 Rb7 29. Qf4 Rbd7 30. Qb8 Rb7 31. Qd6 Qxd6 32. Rxd6 Rbc7 33. Kf2 Rfd7 34. Ree6 Rxd6 35. Rxd6 Kf7 36. Rd8 b5 37. a5 Ke7 38. Rh8 Be8 39. Ne4 Rc6 40. g4 c4 41. bxc4 bxc4 42. dxc4 hxg4 43. fxg4 f5 44. Rh7+ Ke6 45. gxf5+ gxf5 46. Rh6+ Kd7 47. Rxc6 Kxc6 48. Nf6 Bf7 49. h5 Kc5 50. h6 Bg6 51. Nd7+ Kxc4 52. Ne5+ Kc3 53. Nxg6 Kxc2 54. Nf4 1-0

[Event "Verbandsliga Sued Baden 0607"]
[Site "Germany"]
[Date "2007.02.11"]
[Round "6.5"]
[White "Al Saleh, Mohammad"]
[Black "Fessler, Stephan"]
[Result "1-0"]
[WhiteElo "1951"]
[BlackElo "2041"]
[PlyCount "61"]
[EventDate "2006.10.22"]
[EventType "team-tourn"]
[EventRounds "9"]
[EventCountry "GER"]
[SourceTitle "EXT 2008"]
[Source "ChessBase"]
[SourceDate "2007.11.25"]
[SourceVersion "1"]
[SourceVersionDate "2007.11.25"]
[SourceQuality "1"]
[WhiteTeam "Konstanz"]
[BlackTeam "Gottmadingen"]
[WhiteTeamCountry "GER"]
[BlackTeamCountry "GER"]

1. e4 c5 2. Nf3 d6 3. Nc3 Nf6 4. d4 cxd4 5. Nxd4 g6 6. Be3 Bg7 7. f3 0-0 8. Bc4 Nc6 9. Qd2 Bd7 10. h4 Ne5 11. Bb3 h5 12. 0-0-0 Qa5 13. Kb1 Rfc8 14. Bh6 Nc4 15. Bxc4 Rxc4 16. Nb3 Qa6 17. Bxg7 Kxg7 18. g4 Rac8 19. e5 Nxg4 20. fxg4 Bxg4 21. Rde1 dxe5 22. Rxe5 b5 23. Rxe7 b4 24. Nd5 Qd6 25. Rf1 Be6 26. Rxa7 Qe5 27. Nb6 Rxc2 28. Qd4 Rc1+ 29. Rxc1 Bf5+ 30. Rc2 Bxc2+ 31. Ka1 1-0

[Event "Oberliga Baden 0506"]
[Site "Germany"]
[Date "2005.11.13"]
[Round "2.6"]
[White "Al Saleh, Mohammad"]
[Black "Fervers, Lukas"]
[Result "1-0"]
[WhiteElo "1968"]
[BlackElo "2069"]
[PlyCount "57"]
[EventDate "2005.10.23"]
[EventType "team-tourn"]
[EventRounds "9"]
[EventCountry "GER"]
[SourceTitle "EXT 2007"]
[Source "ChessBase"]
[SourceDate "2006.11.23"]
[SourceVersion "1"]
[SourceVersionDate "2006.11.23"]
[SourceQuality "1"]
[WhiteTeam "Konstanz"]
[BlackTeam "Freiburg"]
[WhiteTeamCountry "GER"]
[BlackTeamCountry "GER"]

1. e4 c5 2. Nf3 d6 3. d4 cxd4 4. Nxd4 Nf6 5. Nc3 Nc6 6. Bc4 e6 7. Be3 a6 8. Qe2 Be7 9. 0-0-0 Qc7 10. Rhg1 0-0 11. g4 b5 12. Nxc6 Qxc6 13. Bb3 Nxe4 14. Nd5 Bf6 15. Bd4 exd5 16. Bxf6 Nxf6 17. g5 Re8 18. Qf3 Bg4 19. Qg2 Bxd1 20. gxf6 g6 21. Rxd1 Rac8 22. Qg5 Re6 23. f4 Qc5 24. Kb1 a5 25. c3 b4 26. cxb4 Qe3 27. bxa5 Qe4+ 28. Ka1 Qd3 29. Qg4 1-0

[Event "Baden VLS 0304"]
[Site "Baden"]
[Date "2003.10.19"]
[Round "1.2"]
[White "Al Saleh, Mohammad"]
[Black "Hirzel, Andre"]
[Result "1/2-1/2"]
[WhiteElo "1978"]
[BlackElo "2206"]
[PlyCount "110"]
[EventDate "2003.10.19"]
[EventType "team-tourn"]
[EventRounds "9"]
[EventCountry "GER"]
[SourceTitle "EXT 2022"]
[Source "ChessBase"]
[SourceDate "2021.10.06"]
[SourceVersion "1"]
[SourceVersionDate "2021.10.06"]
[SourceQuality "1"]
[WhiteTeam "Konstanz II"]
[BlackTeam "Engen"]
[WhiteTeamCountry "GER"]
[BlackTeamCountry "GER"]

1. e4 e6 2. d4 d5 3. Nc3 Bb4 4. e5 c5 5. Bd2 cxd4 6. Nb5 Bf8 7. Nxd4 Nc6 8. Ngf3 Qb6 9. Nb3 Nge7 10. Bd3 Ng6 11. Qe2 a5 12. a4 Qc7 13. 0-0 Ngxe5 14. Bb5 Nxf3+ 15. Qxf3 Bd6 16. Qh5 0-0 17. f4 g6 18. Qh6 f6 19. Rae1 Bd7 20. Bd3 Rf7 21. Rf3 Bf8 22. Qh4 e5 23. f5 e4 24. fxg6 hxg6 25. Rxf6 Rxf6 26. Qxf6 Bg7 27. Qxg6 Ne5 28. Qg3 Bxa4 29. Bf1 Rf8 30. Kh1 Qf7 31. Be3 Bxb3 32. cxb3 Nc6 33. Bc5 Re8 34. Bb5 Qf6 35. Rf1 Qxb2 36. Qg6 Rd8 37. Qf7+ Kh8 38. Qh5+ Kg8 39. Qf7+ Kh8 40. Rf5 Qc1+ 41. Bf1 Rg8 42. Qg6 Bh6 43. Qf6+ Kh7 44. Qf7+ Rg7 45. Qxd5 Ne7 46. Bxe7 Rxe7 47. Qxa5 Bf4 48. Qb5 Kg6 49. Rf8 Kg7 50. Rd8 e3 51. Qe2 Bg5 52. Rd1 Qc6 53. h4 Bh6 54. Qg4+ Qg6 55. Qd4+ Qf6 1/2-1/2

[Event "Stuttgart-chA"]
[Site "Stuttgart"]
[Date "2003.??.??"]
[Round "?"]
[White "Al Saleh, Mohammad"]
[Black "Huhn, Stefan"]
[Result "1-0"]
[WhiteElo "2015"]
[BlackElo "1745"]
[PlyCount "97"]
[EventDate "2003.??.??"]
[EventType "swiss"]
[EventRounds "9"]
[EventCountry "GER"]
[SourceTitle "EXT 2007"]
[Source "ChessBase"]
[SourceDate "2006.11.23"]
[SourceVersion "1"]
[SourceVersionDate "2006.11.23"]
[SourceQuality "1"]

1. e4 c5 2. Nf3 Nc6 3. d4 cxd4 4. Nxd4 Nf6 5. Nc3 e5 6. Ndb5 d6 7. Bg5 a6 8. Na3 b5 9. Bxf6 gxf6 10. Nd5 Bg7 11. c3 f5 12. Bd3 Ne7 13. Nc2 Nxd5 14. exd5 0-0 15. a4 e4 16. Be2 bxa4 17. Rxa4 Qg5 18. 0-0 Be5 19. Re1 Kh8 20. Bf1 Rg8 21. Na3 Qh6 22. g3 f4 23. Raxe4 fxg3 24. fxg3 f5 25. Rxe5 dxe5 26. Rxe5 Qb6+ 27. Kh1 f4 28. Nc4 Qf2 29. Re2 Qc5 30. b4 Qxc4 31. Re7 Bg4 32. Rxh7+ Kxh7 33. Qc2+ Kh8 34. Bxc4 Bf3+ 35. Kg1 fxg3 36. h3 Rae8 37. Qd2 Rg6 38. Bd3 Rf6 39. c4 Re7 40. Qg5 Re1+ 41. Bf1 Rf7 42. c5 g2 43. Qh4+ Kg8 44. Qxe1 gxf1Q+ 45. Qxf1 Bxd5 46. Qxa6 Rg7+ 47. Kf2 Rf7+ 48. Ke3 Rf3+ 49. Kd4 1-0